| 000 | 01260nam a2200277 i 4500 | ||
|---|---|---|---|
| 008 | |||
| 020 | _a0914826042(pbk. ) | ||
| 049 | _aMAIN | ||
| 090 | _aQR81.I55 INT | ||
| 245 | 0 | 0 |
_aInternational code of nomenclature of bacteria and statutes of the International Committee on Systematic Bacteriology and statutes of the Bacteriology Section of the International Association of Microbiological Societies : _bbacteriological code / _cedited by S. P. Lapage ... [et al.]. |
| 250 | _a1976 revision. | ||
| 260 |
_aWashington : _bPublished for the International Association of Microbiological Societies by the American Society for Microbiology, _c1975. |
||
| 300 |
_axxxv, 180 p. ; _c24 cm. |
||
| 504 | _aIncludes bibliographical references. | ||
| 650 | 0 |
_aBacteria _xNomenclature |
|
| 650 | 2 |
_aBacteria _xnomenclature |
|
| 700 | _aLapage, S P | ||
| 710 | 2 | _aInternational Association of Microbiological Societies. International Committee on Systematic Bacteriology | |
| 710 | 0 | _aAmerican Society for MicrobiologyHEA | |
| 740 | 0 | _aBacteriological code, 1976 revision | |
| 907 |
_a.b10247026 _b15-06-07 _c01-06-07 |
||
| 003 | |||
| 005 | 20230120203950.0 | ||
| 040 | _cNUST | ||
| 942 |
_cBOOKS _kQR81.I55 INT |
||
| 999 |
_c114728 _d114728 |
||